[Event "I Open A"]
[Site "Magenta ITA"]
[Date "1999.11.28"]
[Round "6"]
[White "Barlocco, Carlo"]
[Black "Bianchi, Alberto"]
[Result "1-0"]
[WhiteElo "2161"]
[BlackElo "1903"]
[PlyCount "91"]
[EventDate "1999.11.25"]

1.c4 Nf6 2.Nc3 g6 3.e4 d6 4.d4 Bg7 5.Nf3 O-O 6.Be2 e5 7.O-O Nc6 8.d5 Ne7 
9.Ne1 Nd7 10.Be3 f5 11.f3 f4 12.Bf2 g5 13.Rc1 h5 14.c5 Nf6 15.cxd6 cxd6 
16.Nb5 b6 17.Qc2 Ne8 18.Nc7 Qxc7 19.Qxc7 Nxc7 20.Rxc7 Kf7 21.Nd3 Ba6 22.
Nxf4 exf4 23.Bxa6 Bxb2 24.Re1 Ba3 25.g3 Bc5 26.Bxc5 bxc5 27.e5 Rfd8 28.
exd6 Rxd6 29.Rexe7+ Kf6 30.Rf7+ Ke5 31.Bb7 Rb8 32.Rxc5 Rb6 33.Rcc7 Rb1+ 
34.Kg2 Rb2+ 35.Kh3 Rxa2 36.Rce7+ Kd6 37.Re6+ Kc5 38.Rc7+ Kd4 39.d6 g4+ 40.
fxg4 hxg4+ 41.Kxg4 fxg3 42.Re4+ Kd3 43.hxg3 Rxb7 44.d7 Rxc7 45.d8=Q+ Kxe4 
46.Qxc7 1-0

[Event "I Open A"]
[Site "Magenta ITA"]
[Date "1999.11.28"]
[Round "6"]
[White "Lucchese, Paolo"]
[Black "Everet, Alexandro"]
[Result "1-0"]
[WhiteElo "1875"]
[BlackElo "2294"]
[PlyCount "79"]
[EventDate "1999.11.25"]

1.e4 g6 2.d4 Bg7 3.Nc3 d6 4.Be3 Nf6 5.f3 O-O 6.Qd2 Re8 7.O-O-O c6 8.Kb1 b5
9.g4 Be6 10.Nce2 Na6 11.Nc1 Rb8 12.Nge2 c5 13.d5 Bc8 14.Bh6 Bh8 15.h4 b4 
16.h5 e6 17.dxe6 Bxe6 18.Nf4 Nxe4 19.fxe4 Qf6 20.Nfd3 c4 21.Bg5 Qd4 22.Be3
Qg7 23.h6 Qf6 24.g5 Qd8 25.Nf4 b3 26.cxb3 cxb3 27.a3 Bc8 28.Bc4 Qc7 29.Bd5
Qc2+ 30.Qxc2 bxc2+ 31.Kxc2 Rxb2+ 32.Kd3 Bd7 33.Bxa7 Rc8 34.Ke3 Bb5 35.Ncd3
Bxd3 36.Nxd3 Rg2 37.Rc1 Re8 38.Rhf1 Rg3+ 39.Kd2 Rg2+ 40.Kd1 1-0

[Event "I Open A"]
[Site "Magenta ITA"]
[Date "1999.11.28"]
[Round "6"]
[White "Rossi, Giampiero"]
[Black "Guerrini, Donato"]
[Result "1/2-1/2"]
[WhiteElo "2020"]
[BlackElo "1924"]
[PlyCount "21"]
[EventDate "1999.11.25"]

1.d4 f5 2.Bg5 Nf6 3.Bxf6 exf6 4.e3 g6 5.Bd3 Bg7 6.Ne2 O-O 7.c3 b6 8.O-O 
Bb7 9.Nd2 Kh8 10.Qc2 Re8 11.Rfe1 1/2-1/2

[Event "XVII Festival Isola d'Elba"]
[Site "Capoliveri ITA"]
[Date "1999.05.09"]
[Round "2"]
[White "Clerico', Antonio"]
[Black "Malfagia, Andrea"]
[Result "0-1"]
[WhiteElo "2147"]
[BlackElo "2308"]
[PlyCount "105"]
[EventDate "1999.05.08"]

1. d4 Nf6 2. Nf3 d6 3. g3 b5 4. b3 g6 5. Bb2 Bg7 6. Nbd2 O-O 7. Bg2 Bb7 8. O-O
Nbd7 9. c4 a6 10. Qc2 c5 11. Rac1 cxd4 12. Nxd4 Bxg2 13. Kxg2 Ne5 14. cxb5 axb5
15. a3 Qa5 16. N2f3 Nfd7 17. Nxe5 Nxe5 18. Qc7 Nc4 19. Qxa5 Nxa5 20. Rb1 Bxd4
21. Bxd4 Rfc8 22. a4 bxa4 23. bxa4 Nc6 24. Be3 Rxa4 25. Rfc1 Raa8 26. Rb7 Kf8
27. Bh6+ Ke8 28. Bg5 f6 29. Be3 Nd8 30. Rb2 Rxc1 31. Bxc1 Kd7 32. h4 h5 33. f3
Ra4 34. Be3 Rc4 35. Ra2 Nc6 36. Kf2 Ke6 37. Ra8 Rc2 38. Rg8 Kf7 39. Ra8 d5 40.
Ke1 d4 41. Bf4 e5 42. Bh6 Ne7 43. g4 Rc8 44. Rxc8 Nxc8 45. Kd2 Ke6 46. Kd3 Kd5
47. e3 dxe3 48. Kxe3 Nd6 49. Kf2 f5 50. gxf5 gxf5 51. Bg5 e4 52. Ke2 Nf7 53.
Bd8 0-1

[Event "XVII Festival Isola d'Elba"]
[Site "Capoliveri ITA"]
[Date "1999.05.10"]
[Round "3"]
[White "Malfagia, Andrea"]
[Black "Wagman, Stuart"]
[Result "1-0"]
[WhiteElo "2308"]
[BlackElo "2193"]
[PlyCount "53"]
[EventDate "1999.05.08"]

1. e4 e5 2. Nf3 Nc6 3. d4 exd4 4. Nxd4 Bb4+ 5. c3 Bc5 6. Be3 Qf6 7. Qd2 Qe7 8.
Bd3 d6 9. Nxc6 Bxe3 10. Qxe3 bxc6 11. Nd2 Nf6 12. O-O O-O 13. Rae1 Ng4 14. Qg3
Rb8 15. e5 dxe5 16. h3 Nf6 17. Rxe5 Qd8 18. Nb3 Be6 19. Rd1 Nd7 20. Ra5 Qf6 21.
Bc2 Rb5 22. Rxb5 cxb5 23. Qxc7 Ne5 24. Nd4 Bd5 25. Nf5 Ba8 26. Ne7+ Kh8 27. Rd8
1-0

[Event "XVII Festival Isola d'Elba"]
[Site "Capoliveri ITA"]
[Date "1999.05.11"]
[Round "4"]
[White "Malfagia, Andrea"]
[Black "Skembris, Spyridon"]
[Result "1/2-1/2"]
[WhiteElo "2308"]
[BlackElo "2445"]
[PlyCount "117"]
[EventDate "1999.05.08"]

1. d4 d5 2. c4 Nc6 3. Nf3 Bg4 4. cxd5 Bxf3 5. gxf3 Qxd5 6. e3 e5 7. Nc3 Bb4 8.
Bd2 Bxc3 9. bxc3 Qd6 10. Rb1 O-O-O 11. Bh3+ Kb8 12. O-O Nge7 13. Kh1 f5 14. Qc2
Rhf8 15. Rg1 Qh6 16. Bf1 Qh4 17. Bc1 Rf6 18. Rg3 Rg6 19. Ba3 Qf6 20. Bd3 b6 21.
Rb5 Rxg3 22. fxg3 g6 23. Be2 h5 24. dxe5 Nxe5 25. e4 N5c6 26. f4 fxe4 27. Qxe4
Qxc3 28. Bxe7 Qe1+ 29. Kg2 Rd2 30. Kh3 Rxe2 31. Qxc6 Rxe7 32. Re5 Rxe5 33. fxe5
Qf1+ 34. Kh4 Qf5 35. Qc4 Qxe5 36. Qg8+ Kb7 37. Qxg6 Qe2 38. h3 Qxa2 39. Qxh5
Qg2 40. Qe8 a5 41. g4 Qc6 42. Qxc6+ Kxc6 43. g5 a4 44. g6 a3 45. g7 a2 46. g8=Q
a1=Q 47. Qg2+ Kc5 48. Qc2+ Kd6 49. Qg6+ Kd7 50. Qf5+ Kc6 51. Qe4+ Kb5 52. Qd3+
Ka5 53. Qd5+ Kb4 54. Qe4+ Kc5 55. Qc2+ Kd6 56. Qg6+ Kd7 57. Qf5+ Ke7 58. Qh7+
Kd6 59. Qg6+ 1/2-1/2

[Event "XVII Festival Isola d'Elba"]
[Site "Capoliveri ITA"]
[Date "1999.05.12"]
[Round "5"]
[White "Trabert, Bettina"]
[Black "Malfagia, Andrea"]
[Result "1-0"]
[WhiteElo "2285"]
[BlackElo "2308"]
[PlyCount "87"]
[EventDate "1999.05.08"]

1. e4 d6 2. d4 Nf6 3. Bd3 e5 4. c3 Nbd7 5. f4 c5 6. Nf3 cxd4 7. cxd4 exd4 8.
Nxd4 Nc5 9. Nc3 Nxd3+ 10. Qxd3 Be7 11. O-O O-O 12. Kh1 Re8 13. b3 a6 14. Bb2
Bf8 15. Rae1 Qa5 16. Nc2 Qh5 17. Ne3 Bd7 18. Ned5 Nxd5 19. Nxd5 Bb5 20. Qg3 Qg6
21. Rf3 Rac8 22. f5 Qxg3 23. Rxg3 Kh8 24. Nf6 Re5 25. Bxe5 dxe5 26. Nd5 Bc6 27.
Rc3 Rd8 28. Rd1 g6 29. g4 f6 30. Rh3 Kg7 31. Rc3 Ba3 32. Rc2 h5 33. h3 Rh8 34.
Kg2 hxg4 35. hxg4 gxf5 36. gxf5 Rh4 37. Kf3 Rh3+ 38. Kg4 Rh8 39. Kg3 Kf7 40.
Rh2 Rg8+ 41. Kf3 Rg7 42. Rh6 Be7 43. Nc7 Bb4 44. Ne6 1-0

[Event "XVII Festival Isola d'Elba"]
[Site "Capoliveri ITA"]
[Date "1999.05.13"]
[Round "6"]
[White "Mauro, Alan"]
[Black "Malfagia, Andrea"]
[Result "1-0"]
[WhiteElo "2263"]
[BlackElo "2308"]
[PlyCount "31"]
[EventDate "1999.05.08"]

1. e4 e6 2. d4 d5 3. Nc3 Bb4 4. Bd3 c5 5. exd5 cxd4 6. Bb5+ Bd7 7. Bxd7+ Qxd7
8. Qxd4 Nc6 9. Qxg7 O-O-O 10. Bg5 Nge7 11. dxc6 Qxc6 12. Bxe7 Rhg8 13. Qe5 Qxg2
14. Bxd8 Rxd8 15. Rd1 Rg8 16. Ke2 1-0

[Event "XVII Festival Isola d'Elba"]
[Site "Capoliveri ITA"]
[Date "1999.05.14"]
[Round "7"]
[White "Malfagia, Andrea"]
[Black "Welker, Michael"]
[Result "1-0"]
[WhiteElo "2308"]
[BlackElo "2167"]
[PlyCount "95"]
[EventDate "1999.05.08"]

1. e4 e6 2. d4 d5 3. e5 c5 4. c3 Nc6 5. Be3 Qb6 6. Qd2 f6 7. Nf3 c4 8. Be2 fxe5
9. dxe5 Bc5 10. Na3 Bxe3 11. fxe3 Nh6 12. e4 Ng4 13. O-O-O Ne3 14. Rde1 O-O 15.
exd5 exd5 16. Bxc4 dxc4 17. Rxe3 Be6 18. Ng5 Rad8 19. Qe2 Rd3 20. Rxd3 Rf2 21.
Nxc4 Bxc4 22. Rd8+ Nxd8 23. Qxc4+ Kf8 24. Nxh7+ Ke8 25. Qg8+ Kd7 26. Rd1+ Kc8
27. Qc4+ Kb8 28. Qb4 Qh6+ 29. Kb1 Qg6+ 30. Ka1 Qd3 31. Qd4 Qxd4 32. cxd4 Rxg2
33. h3 Re2 34. a3 Nc6 35. Nf8 Re4 36. Ne6 a5 37. Kb1 g6 38. Kc2 b5 39. Kc3 Ne7
40. Rd3 Re2 41. Rf3 Nd5+ 42. Kd3 Rxb2 43. Ke4 Nb6 44. Rf8+ Ka7 45. Rf7+ Kb8 46.
Nc5 Re2+ 47. Kd3 Ra2 48. Rb7+ 1-0

[Event "XVII Festival Isola d'Elba"]
[Site "Capoliveri ITA"]
[Date "1999.05.15"]
[Round "8"]
[White "Naumkin, Igor"]
[Black "Malfagia, Andrea"]
[Result "1-0"]
[WhiteElo "2493"]
[BlackElo "2308"]
[PlyCount "63"]
[EventDate "1999.05.08"]

1. d4 Nf6 2. c4 g6 3. Nc3 Bg7 4. e4 d6 5. Nf3 O-O 6. Be2 Bg4 7. Be3 Nc6 8. d5
Bxf3 9. Bxf3 Ne5 10. Be2 c5 11. O-O a6 12. a4 Rb8 13. f4 Ned7 14. Bf2 Ne8 15.
Bg4 Nc7 16. Qe2 e6 17. dxe6 Nxe6 18. Nd5 Nd4 19. Qd3 b5 20. axb5 axb5 21. Ra7
f5 22. exf5 gxf5 23. Bh5 Kh8 24. Qh3 Ra8 25. Bg6 h6 26. Bh4 Qc8 27. Rxa8 Qxa8
28. Bg5 Re8 29. Bxh6 Nf8 30. Bg5+ Kg8 31. Bxe8 Qxe8 32. Ne7+ 1-0

[Event "VII Open Vallee d'Aoste A"]
[Site "Saint Vincent - Chatillon ITA"]
[Date "1999.02.06"]
[Round "1"]
[White "Belotti, Bruno"]
[Black "Loche, Roberto"]
[Result "1-0"]
[WhiteElo "2441"]
[BlackElo "1861"]
[PlyCount "70"]
[EventDate "1999.02.06"]

1. e4 e5 2. Nf3 Nc6 3. Bc4 Nf6 4. d3 d5 5. exd5 Nxd5 6. O-O Nb6 7. Bb3 Bg4 8.
h3 Bh5 9. Re1 Be7 10. Nbd2 O-O 11. Nf1 a5 12. c3 a4 13. Bc2 Ra5 14. Be3 f5 15.
Bxb6 cxb6 16. Ng3 Bg6 17. Bxa4 Bd6 18. b4 Ra8 19. b5 Ne7 20. Bb3+ Kh8 21. Nxe5
f4 22. Nxg6+ Nxg6 23. Ne4 f3 24. g3 Qd7 25. Kh2 Nf4 26. gxf4 Bxf4+ 27. Ng3
Bxg3+ 28. fxg3 f2 29. Rf1 Rae8 30. Qg4 Rf5 31. Qd4 Qc8 32. Rxf2 Rh5 33. h4 Rhe5
34. Raf1 h5 35. Qxe5 Rxe5 1-0

[Event "VII Open Vallee d'Aoste A"]
[Site "Saint Vincent - Chatillon ITA"]
[Date "1999.02.06"]
[Round "1"]
[White "Castaldo, Folco"]
[Black "Cebalo, Miso"]
[Result "0-1"]
[WhiteElo "2192"]
[BlackElo "2511"]
[PlyCount "104"]
[EventDate "1999.02.06"]

1. e4 c5 2. c3 d5 3. exd5 Qxd5 4. d4 g6 5. Nf3 Bg7 6. Be2 Nf6 7. O-O O-O 8. Be3
cxd4 9. Nxd4 Nc6 10. Bf3 Qa5 11. Nxc6 bxc6 12. Bxc6 Rb8 13. Nd2 Ng4 14. Bf4
Rxb2 15. Nc4 Qf5 16. Bg3 Rc2 17. Ne3 Nxe3 18. fxe3 Qc5 19. Qxc2 Qxc6 20. e4 Bb7
21. Rad1 Bxc3 22. Kh1 Qxe4 23. Qxe4 Bxe4 24. Rd7 Bf6 25. Rxa7 Rd8 26. Bf4 g5
27. Be3 Rd3 28. Bf2 Rd2 29. Kg1 h5 30. Ra4 Bd5 31. a3 Ra2 32. Ra5 e6 33. a4 Kg7
34. h3 Kg6 35. Rd1 Be5 36. Ra6 f6 37. a5 g4 38. hxg4 hxg4 39. g3 Bxg3 40. Bxg3
Rg2+ 41. Kf1 Rxg3 42. Rb6 Ra3 43. a6 Kg5 44. Rc1 g3 45. Kg1 f5 46. Rf1 Ra2 47.
Rfb1 f4 48. R1b2 Ra3 49. R2b4 f3 50. Rb8 f2+ 51. Kf1 Bc4+ 52. Rxc4 Ra1+ 0-1

[Event "VII Open Vallee d'Aoste A"]
[Site "Saint Vincent - Chatillon ITA"]
[Date "1999.02.06"]
[Round "1"]
[White "Ciuffoletti, Paolo"]
[Black "Vallejo Pons, Francisco"]
[Result "0-1"]
[WhiteElo "2163"]
[BlackElo "2494"]
[PlyCount "60"]
[EventDate "1999.02.06"]

1. e4 e6 2. Nf3 d5 3. e5 c5 4. b4 cxb4 5. a3 d4 6. axb4 Bxb4 7. Bb2 Bc5 8. Bd3
Nc6 9. O-O Nge7 10. Re1 Ng6 11. Be4 Ncxe5 12. Nxe5 Nxe5 13. Qh5 Nd7 14. c3 g6
15. Qh6 Bf8 16. Qh3 Qb6 17. Bxg6 Nf6 18. Na3 fxg6 19. Nc4 Qc7 20. Rxe6+ Kf7 21.
Rxf6+ Kxf6 22. Qh4+ Kf7 23. Qxd4 Be6 24. Qxh8 Qxc4 25. d3 Qxd3 26. c4 Qf5 27.
Qxh7+ Ke8 28. Qxb7 Rd8 29. Qxa7 Bc5 30. Qa4+ Bd7 0-1

[Event "VII Open Vallee d'Aoste A"]
[Site "Saint Vincent - Chatillon ITA"]
[Date "1999.02.06"]
[Round "1"]
[White "Davies, Nigel R."]
[Black "Cacco, Christian"]
[Result "1-0"]
[WhiteElo "2515"]
[BlackElo "2192"]
[PlyCount "73"]
[EventDate "1999.02.06"]

1. c4 Nf6 2. g3 g6 3. Bg2 Bg7 4. d4 d6 5. e4 O-O 6. Ne2 e5 7. O-O Nc6 8. d5 Ne7
9. Nbc3 Ne8 10. Bd2 c5 11. Rb1 f5 12. f4 fxe4 13. Nxe4 Bf5 14. Bc3 Bxe4 15.
Bxe4 Nf5 16. Qd3 Nd4 17. fxe5 Rxf1+ 18. Rxf1 dxe5 19. Bxd4 cxd4 20. c5 Rc8 21.
b4 Qd7 22. Nc1 Nf6 23. d6 Kh8 24. Nb3 b6 25. Bg2 a5 26. cxb6 axb4 27. b7 Rd8
28. Qa6 Ne8 29. Nc5 Qxd6 30. Qxd6 Nxd6 31. Na6 e4 32. b8=Q Rxb8 33. Nxb8 e3 34.
Nc6 e2 35. Rb1 d3 36. Kf2 Nc4 37. Be4 1-0

[Event "VII Open Vallee d'Aoste A"]
[Site "Saint Vincent - Chatillon ITA"]
[Date "1999.02.06"]
[Round "1"]
[White "Efimov, Igor"]
[Black "Lacrosse, Marc"]
[Result "0-1"]
[WhiteElo "2494"]
[BlackElo "2175"]
[PlyCount "92"]
[EventDate "1999.02.06"]

1. Nf3 d5 2. c4 e6 3. d4 Nf6 4. Nc3 c6 5. e3 Nbd7 6. Qc2 Bd6 7. Bd3 O-O 8. O-O
dxc4 9. Bxc4 a6 10. a3 c5 11. dxc5 Bxc5 12. b4 Be7 13. Bb2 b5 14. Ba2 Bb7 15.
Rfd1 Qc7 16. Rac1 Rac8 17. Qe2 Qb8 18. e4 Rfd8 19. Nd2 Ne5 20. Bb1 Ng6 21. Nb3
Rxd1+ 22. Rxd1 Ne5 23. Na5 Ba8 24. h3 Bd8 25. f4 Ng6 26. g3 Bb6+ 27. Kh2 Nxf4
28. Qf3 Ng6 29. Ne2 Rd8 30. Rc1 e5 31. Nb3 Qb7 32. Nc3 Bd4 33. Nc5 Bxc5 34.
bxc5 Rd2+ 35. Kh1 Rxb2 36. c6 Qxc6 37. Ne2 Qe6 38. Kg1 h5 39. Qf5 Bxe4 40. Bxe4
Qxf5 41. Bxf5 Rxe2 42. Rc8+ Kh7 43. Rc7 Ra2 44. Rxf7 Rxa3 45. g4 hxg4 46. hxg4
Nxg4 0-1

[Event "VII Open Vallee d'Aoste A"]
[Site "Saint Vincent - Chatillon ITA"]
[Date "1999.02.06"]
[Round "1"]
[White "Glek, Igor V."]
[Black "Genocchio, Daniele"]
[Result "1-0"]
[WhiteElo "2566"]
[BlackElo "2247"]
[PlyCount "73"]
[EventDate "1999.02.06"]

1. e4 c5 2. Nf3 Nc6 3. Bb5 g6 4. O-O Bg7 5. Re1 Nf6 6. c3 O-O 7. e5 Nd5 8. d4
cxd4 9. cxd4 d6 10. Nc3 Nxc3 11. bxc3 a6 12. Bxc6 bxc6 13. h3 c5 14. exd6 exd6
15. Bg5 f6 16. Bf4 c4 17. d5 g5 18. Bh2 f5 19. Nd4 f4 20. Kh1 Qf6 21. f3 Rb8
22. Qa4 Qh6 23. Nc6 Rb2 24. Ne7+ Kh8 25. Nxc8 Rxc8 26. Qxa6 Rf8 27. Qxc4 Qh4
28. Re2 Rxe2 29. Qxe2 Bxc3 30. Qe7 Ra8 31. Rc1 Bd4 32. Qxd6 Re8 33. Bg1 Bxg1
34. Rxg1 Qg3 35. Qf6+ Kg8 36. d6 Re1 37. Qc3 1-0

[Event "VII Open Vallee d'Aoste A"]
[Site "Saint Vincent - Chatillon ITA"]
[Date "1999.02.06"]
[Round "1"]
[White "Laketic, Gojko"]
[Black "Duarte, Riccardo"]
[Result "1-0"]
[WhiteElo "2396"]
[BlackElo "1816"]
[PlyCount "85"]
[EventDate "1999.02.06"]

1. d4 d5 2. c4 Bf5 3. Nc3 e6 4. Bf4 Nf6 5. e3 c6 6. Qb3 Qc8 7. h3 Nbd7 8. Nf3
Be7 9. Rc1 Nb6 10. cxd5 exd5 11. Nb5 O-O 12. Nd6 Bxd6 13. Bxd6 Re8 14. Be2 Ne4
15. Bh2 Qd8 16. O-O Qf6 17. Qd1 Qh6 18. Ne5 Rad8 19. b3 Nd7 20. Bg4 Bxg4 21.
Nxg4 Qh4 22. Qe1 f5 23. Ne5 Nxe5 24. Bxe5 Qh6 25. Qa5 a6 26. Qc7 Nd6 27. Bxd6
Rxd6 28. Qxb7 Rg6 29. Qd7 Rf8 30. Kh1 f4 31. exf4 Rxf4 32. Rce1 Rf8 33. Re8 Qg5
34. Rg1 h6 35. Rxf8+ Kxf8 36. Qc8+ Kf7 37. Qxa6 Qd2 38. Qa7+ Kg8 39. f3 Qf2 40.
a4 Qh4 41. a5 Rg3 42. Qb8+ Kh7 43. Kh2 1-0

[Event "VII Open Vallee d'Aoste A"]
[Site "Saint Vincent - Chatillon ITA"]
[Date "1999.02.06"]
[Round "1"]
[White "Lampic, Teo"]
[Black "Hickl, Joerg"]
[Result "0-1"]
[WhiteElo "2303"]
[BlackElo "2575"]
[PlyCount "136"]
[EventDate "1999.02.06"]

1. e4 g6 2. d4 Bg7 3. c3 d6 4. Be3 Nf6 5. f3 O-O 6. Qd2 Nc6 7. g3 e5 8. d5 Ne7
9. Bh3 Bxh3 10. Nxh3 c6 11. c4 b5 12. b3 Qc8 13. Nf2 bxc4 14. bxc4 Qa6 15. Qd3
cxd5 16. cxd5 Qxd3 17. Nxd3 Nfxd5 18. Bc1 Nb6 19. Na3 Rfc8 20. Rb1 Nc6 21. Kf2
d5 22. exd5 Nxd5 23. Bd2 Rd8 24. Rhc1 Nde7 25. Rb3 Nd4 26. Rbc3 Nd5 27. Rc5 e4
28. Ne1 exf3 29. Bg5 Nf6 30. Bxf6 Bxf6 31. Rd1 Be7 32. Rc3 Ne2 33. Rxd8+ Rxd8
34. Rxf3 Rd2 35. Rd3 Rxa2 36. Nac2 Nc1 37. Rc3 Bb4 38. Rc8+ Kg7 39. Kf3 Bd2 40.
Rc7 a5 41. Kg4 h5+ 42. Kh3 g5 43. g4 hxg4+ 44. Kxg4 Ra4+ 45. Kf5 Rf4+ 46. Ke5
a4 47. Nd4 Rxd4 48. Kxd4 Nb3+ 49. Kd5 Bxe1 50. Rc4 Nd2 51. Rxa4 Nf3 52. h3 Nh4
53. Ra6 f5 54. Kd4 Bb4 55. Ra7+ Kf6 56. Ra6+ Kf7 57. Ra7+ Ke6 58. Ra4 Bd6 59.
Ke3 Bc5+ 60. Ke2 Kd5 61. Kf1 Bd4 62. Ra8 Ke4 63. Ra4 f4 64. Ra8 f3 65. Rf8 Nf5
66. Re8+ Kd5 67. Rf8 Ke6 68. Ke1 Bc5 0-1

[Event "VII Open Vallee d'Aoste A"]
[Site "Saint Vincent - Chatillon ITA"]
[Date "1999.02.06"]
[Round "1"]
[White "Loginov, Valery A."]
[Black "Valenti, Giuseppe"]
[Result "1-0"]
[WhiteElo "2532"]
[BlackElo "2200"]
[PlyCount "77"]
[EventDate "1999.02.06"]

1. d4 Nf6 2. Nf3 e6 3. c4 b6 4. Nc3 Bb7 5. a3 d5 6. Bg5 Be7 7. e3 Nbd7 8. Rc1
h6 9. Bh4 c5 10. dxc5 bxc5 11. Be2 O-O 12. O-O Nb6 13. cxd5 exd5 14. Qc2 Nh5
15. Bxe7 Qxe7 16. Rfd1 Rfd8 17. Qf5 Nf6 18. Qe5 Qxe5 19. Nxe5 a6 20. Nd3 Rac8
21. b4 Nfd7 22. bxc5 Nxc5 23. Rb1 Ncd7 24. Rb3 a5 25. Bg4 Ba6 26. Nf4 Bc4 27.
Rbb1 Rb8 28. Bxd7 Nxd7 29. Nfxd5 Rxb1 30. Rxb1 Ne5 31. e4 g5 32. f3 Kg7 33. Kf2
Bxd5 34. Nxd5 Rc8 35. Rb5 Rc2+ 36. Kg3 Ng6 37. Rxa5 Nh4 38. Ne3 Re2 39. Nf5+
1-0

[Event "VII Open Vallee d'Aoste A"]
[Site "Saint Vincent - Chatillon ITA"]
[Date "1999.02.06"]
[Round "1"]
[White "Luciani, Valerio"]
[Black "Zelcic, Robert"]
[Result "1-0"]
[WhiteElo "2238"]
[BlackElo "2554"]
[PlyCount "119"]
[EventDate "1999.02.06"]

1. c4 Nf6 2. Nc3 e5 3. g3 d5 4. cxd5 Nxd5 5. Bg2 Nb6 6. Nf3 Nc6 7. d3 Be7 8.
O-O O-O 9. a3 Be6 10. b4 f6 11. Bb2 Kh8 12. Nd2 Qd7 13. Re1 Bh3 14. Bh1 a5 15.
b5 Na7 16. a4 c6 17. Ba3 cxb5 18. Bxe7 Qxe7 19. axb5 Nac8 20. Na4 Be6 21. Ne4
Nxa4 22. Qxa4 Bd5 23. Nc3 Bxh1 24. Kxh1 Nb6 25. Qb3 f5 26. Na4 Nd7 27. Rec1 Qd6
28. Qa3 Qd5+ 29. Kg1 Rfc8 30. Rxc8+ Rxc8 31. Rc1 Re8 32. Nc3 Qf7 33. Qxa5 Nf6
34. Qa4 e4 35. dxe4 fxe4 36. Rf1 Qh5 37. Kg2 Qc5 38. Qb3 Rc8 39. Na4 Qc7 40.
Rd1 h6 41. Rd4 Qe5 42. Rc4 Rf8 43. Rc5 Qa1 44. Qc4 Ng4 45. Rf5 Re8 46. h3 Nf6
47. e3 Ra8 48. Nb6 Re8 49. Nd5 Nh7 50. h4 Qd1 51. Rf4 Rd8 52. Ne7 Qd6 53. Rxe4
Nf6 54. Re6 Qd3 55. Qf4 Nd5 56. Qf7 Nxe7 57. Rxe7 Qc3 58. Re8+ Rxe8 59. Qxe8+
Kh7 60. Qe4+ 1-0

[Event "VII Open Vallee d'Aoste A"]
[Site "Saint Vincent - Chatillon ITA"]
[Date "1999.02.06"]
[Round "1"]
[White "Lugovoi, Aleksei"]
[Black "Astengo, Corrado"]
[Result "1-0"]
[WhiteElo "2510"]
[BlackElo "2191"]
[PlyCount "80"]
[EventDate "1999.02.06"]

1. d4 Nf6 2. c4 e6 3. Nc3 Bb4 4. e3 c5 5. Bd3 Nc6 6. Nf3 Bxc3+ 7. bxc3 d6 8. e4
e5 9. h3 h6 10. Be3 b6 11. d5 Ne7 12. Nd2 Ng6 13. g3 Qe7 14. Nf1 Bd7 15. Bd2
O-O 16. Ne3 Rfe8 17. Qf3 a6 18. a4 Reb8 19. h4 h5 20. O-O Qe8 21. Nf5 Bxf5 22.
Qxf5 Ne7 23. Qg5 Qd7 24. Rfe1 Qg4 25. Kg2 Ng6 26. Bc2 Re8 27. Bd1 Qd7 28. Bxh5
Nxh5 29. Qxh5 b5 30. axb5 axb5 31. cxb5 Qxb5 32. Qg5 Rxa1 33. Rxa1 Qd3 34. Qe3
Qc4 35. h5 Ne7 36. Re1 f5 37. Qg5 fxe4 38. h6 g6 39. Qf6 Nf5 40. Qxg6+ Kh8 1-0

[Event "VII Open Vallee d'Aoste A"]
[Site "Saint Vincent - Chatillon ITA"]
[Date "1999.02.06"]
[Round "1"]
[White "Naumkin, Igor"]
[Black "Costantini, Roberto"]
[Result "1-0"]
[WhiteElo "2493"]
[BlackElo "2158"]
[PlyCount "55"]
[EventDate "1999.02.06"]

1. d4 Nf6 2. c4 c5 3. d5 b5 4. cxb5 a6 5. bxa6 g6 6. Nc3 Bxa6 7. f4 Bg7 8. Nf3
d6 9. e4 Bxf1 10. Rxf1 O-O 11. Kf2 Na6 12. Kg1 Qb6 13. Kh1 Nd7 14. f5 Nb4 15.
Bg5 Rfe8 16. Qd2 Qa6 17. Bh6 Bf6 18. fxg6 hxg6 19. Bg5 Bg7 20. Qf4 Nd3 21. Qh4
Nf6 22. Bh6 Qc4 23. Ng5 Bh8 24. Bf8 Nh5 25. g4 Bxc3 26. gxh5 Be1 27. Qh3 Nf2+
28. Rxf2 1-0

[Event "VII Open Vallee d'Aoste A"]
[Site "Saint Vincent - Chatillon ITA"]
[Date "1999.02.06"]
[Round "1"]
[White "Scerbo, Antonio"]
[Black "De la Riva Aguado, Oscar"]
[Result "0-1"]
[WhiteElo "2131"]
[BlackElo "2495"]
[PlyCount "74"]
[EventDate "1999.02.06"]

1. d4 f5 2. c4 Nf6 3. Nc3 g6 4. g3 Bg7 5. Bg2 O-O 6. Nf3 d6 7. d5 Nbd7 8. O-O
Ne5 9. Nxe5 dxe5 10. e4 f4 11. gxf4 exf4 12. e5 Ng4 13. e6 Ne5 14. Qb3 f3 15.
Bh3 g5 16. Re1 Qe8 17. Ne4 Qg6 18. Qa3 Re8 19. Qa4 c6 20. Ng3 Rf8 21. Bd2 Nd3
22. Bb4 Nxf2 23. Kxf2 Bd4+ 24. Re3 Qh6 25. Rh1 Qxh3 26. Qb3 Qg2+ 27. Ke1 f2+
28. Kd1 Qxh1+ 29. Nxh1 f1=Q+ 30. Re1 Qf6 31. Ng3 c5 32. Bd2 Qg6 33. Qb5 a6 34.
Qb3 b5 35. Ne4 h6 36. Qg3 bxc4 37. Qc7 37... Re8 $138 0-1

[Event "VII Open Vallee d'Aoste A"]
[Site "Saint Vincent - Chatillon ITA"]
[Date "1999.02.06"]
[Round "1"]
[White "Tatai, Stefano"]
[Black "Artizzu, Giulio"]
[Result "1-0"]
[WhiteElo "2359"]
[BlackElo "1738"]
[PlyCount "47"]
[EventDate "1999.02.06"]

1. d4 Nf6 2. c4 c5 3. Nf3 cxd4 4. Nxd4 e5 5. Nb5 d5 6. cxd5 Bc5 7. e3 O-O 8.
N5c3 Bf5 9. a3 Nbd7 10. Nd2 e4 11. Nc4 a6 12. b4 Ba7 13. Bb2 Ng4 14. h3 Nge5
15. Nxe5 Nxe5 16. Nxe4 Qh4 17. Nc5 Rfe8 18. Be2 Rad8 19. Kf1 Rd6 20. e4 Bc8 21.
Qd4 Rf6 22. Qe3 Rg6 23. Rc1 Nd7 24. e5 1-0

[Event "VII Open Vallee d'Aoste A"]
[Site "Saint Vincent - Chatillon ITA"]
[Date "1999.02.06"]
[Round "1"]
[White "Ubezio, Marco"]
[Black "Chatalbashev, Boris"]
[Result "0-1"]
[WhiteElo "2195"]
[BlackElo "2524"]
[PlyCount "70"]
[EventDate "1999.02.06"]

1. d4 g6 2. e4 Bg7 3. Nc3 d6 4. Nf3 Nf6 5. Be2 O-O 6. O-O a6 7. e5 dxe5 8. dxe5
Ng4 9. Bf4 Nc6 10. Qxd8 Rxd8 11. e6 Bxe6 12. Bxc7 Rd7 13. Bf4 Nd4 14. Nxd4 Bxd4
15. Ne4 Bxb2 16. Rab1 Bd4 17. c3 Nf6 18. Ng5 Bxc3 19. Nxe6 fxe6 20. Rb6 Nd5 21.
Rb3 Nxf4 22. Bg4 Bf6 23. g3 h5 24. Bf3 Nd5 25. Re1 Kf7 26. g4 Rh8 27. gxh5 gxh5
28. Kh1 b5 29. Be4 Nc3 30. Bc6 Rd2 31. f4 Rxa2 32. Bd7 Re2 33. Rxe2 Nxe2 34. f5
exf5 35. Bxf5 Nd4 0-1

[Event "VII Open Vallee d'Aoste A"]
[Site "Saint Vincent - Chatillon ITA"]
[Date "1999.02.06"]
[Round "1"]
[White "Wunnink, Michael"]
[Black "Vera Gonzalez-Quevedo, Reynaldo"]
[Result "0-1"]
[WhiteElo "2211"]
[BlackElo "2547"]
[PlyCount "80"]
[EventDate "1999.02.06"]

1. d4 d5 2. c4 e6 3. Nf3 Nf6 4. Nc3 c6 5. e3 Nbd7 6. Bd3 dxc4 7. Bxc4 b5 8. Be2
Be7 9. O-O O-O 10. a3 b4 11. Na4 bxa3 12. b3 c5 13. dxc5 Nxc5 14. Bxa3 Ncd7 15.
Bxe7 Qxe7 16. Rc1 Nd5 17. Bb5 Rb8 18. Nd4 Bb7 19. Bxd7 Qxd7 20. Nc5 Qe7 21. Qd2
Ba8 22. Qa5 Nb4 23. Na4 Rfc8 24. Rc5 Qb7 25. f3 Nd5 26. Rfc1 Rxc5 27. Nxc5 Qe7
28. Na6 Rd8 29. Qc5 Qxc5 30. Rxc5 Nxe3 31. Rc7 g6 32. Rxa7 Bd5 33. Nb4 e5 34.
Nxd5 Rxd5 35. Nc6 Rd2 36. g3 Rg2+ 37. Kh1 Rc2 38. Ne7+ Kf8 39. Kg1 Rg2+ 40. Kh1
Rf2 0-1

[Event "VII Open Vallee d'Aoste A"]
[Site "Saint Vincent - Chatillon ITA"]
[Date "1999.02.06"]
[Round "1"]
[White "Zinani, Alessandro"]
[Black "Drasko, Milan"]
[Result "0-1"]
[WhiteElo "2178"]
[BlackElo "2505"]
[PlyCount "76"]
[EventDate "1999.02.06"]

1. d4 e6 2. Nf3 Nf6 3. Bg5 c5 4. e3 h6 5. Bh4 Be7 6. Bd3 Qb6 7. Qc1 cxd4 8.
exd4 g5 9. Bg3 g4 10. Ne5 Qxd4 11. Nc3 a6 12. O-O Nc6 13. Re1 d6 14. Nxc6 bxc6
15. Rd1 Qc5 16. Qd2 e5 17. Bh4 d5 18. Re1 e4 19. Qf4 Ng8 20. Bxe4 Bxh4 21.
Bxd5+ Ne7 22. Bxf7+ Kd8 23. Rad1+ Bd7 24. Be6 Ra7 25. Qb8+ Nc8 26. g3 Be7 27.
Ne4 Qb5 28. Qf4 Rf8 29. Qxh6 Qxb2 30. Rb1 Qh8 31. Qd2 Qe5 32. Bc4 Nd6 33. Bd3
Kc7 34. Qb4 Rb7 35. Qa3 Rxb1 36. Rxb1 Rb8 37. Rxb8 Kxb8 38. Qb3+ Kc7 0-1